Ciencia nueva de la sabiduría poética
Guardat en:
| Autors principals: | , |
|---|---|
| Format: | Llibre |
| Idioma: | espanyol |
| Publicat: |
Santiago
Universidad de Chile
1978
|
| Edició: | 1a. ed |
| Matèries: | |
| Etiquetes: |
Afegir etiqueta
Sense etiquetes, Sigues el primer a etiquetar aquest registre!
|
MARC
| LEADER | 00000cam a2200000 a 4500 | ||
|---|---|---|---|
| 001 | UCL4830 | ||
| 003 | CL-VaPUC | ||
| 008 | 040227e19780000CL |||||||||||||||||spa|d | ||
| 082 | 0 | 4 | |a 808.1 |b VIC |2 21 |
| 100 | 0 | |a Vico, Giambattista |e author |9 266513 | |
| 700 | |a Guzmán Chávez, Jorge |e author |9 556230 | ||
| 245 | 1 | 0 | |a Ciencia nueva de la sabiduría poética |
| 246 | 1 | 3 | |a El concepto de letra en la ciencia nueva |
| 250 | |a 1a. ed | ||
| 300 | |a 85 p | ||
| 942 | |c BK | ||
| 945 | |d 20040227 00:00:00 |a cmena | ||
| 260 | |a Santiago |b Universidad de Chile |c 1978 | ||
| 650 | 0 | |a Filosofía de la literatura |9 267374 | |
| 650 | 0 | |a Poesía |9 265825 | |
| 650 | 0 | |a Teoría del conocimiento |9 255038 | |
| 583 | |a last modification |c 20130627 03:57:51 |k Rodrigo Vera | ||
| 999 | |c 307591 |d 307589 | ||
| 952 | |0 0 |1 0 |4 0 |6 808_100000000000000_VIC_1978 |7 0 |8 A |9 373623 |a BIBHIS |b BIBHIS |d 2019-11-21 |i 398589K |o 808.1 VIC 1978 |p 398589K |r 2025-01-20 |w 2019-11-21 |y BK |k HIS | ||
| 952 | |0 0 |1 0 |4 0 |6 808_100000000000000_VIC_1978 |7 0 |8 A |9 373624 |a BIBART |b BIBART |d 2019-11-21 |i 498451K |o 808.1 VIC 1978 |p 498451K |r 2025-03-13 |w 2019-11-21 |y BK |k ART | ||